| 000 | 00891cam a2200253 i 4500 | ||
|---|---|---|---|
| 003 | SA-RiAUC | ||
| 005 | 20241209140517.0 | ||
| 008 | 241207s1994 jo g 000 0 ara c | ||
| 040 |
_aJO-AmJU _bara _cSA-RiAUC _erda |
||
| 043 | _aa-jo--- | ||
| 082 | 0 | 4 | _a956.8 |
| 090 |
_a956.8 _bم و س |
||
| 100 | 1 |
_aموسى، سليمان، _d1919-2008 _eمؤلف. |
|
| 245 | 1 | 0 |
_aمن تاريخنا الحديث / _cسليمان موسى. |
| 264 | 1 |
_aعمان، الأردن : _bمنشورات لجنة تاريخ الأردن، _c1994 |
|
| 300 | _a118 صفحة. | ||
| 336 |
_aنص _btxt _2rdacontent _3كتاب |
||
| 337 |
_aبدون وسيط _bn _2rdamedia |
||
| 338 |
_aمجلد _bnc _2rdacarrier |
||
| 440 | 0 |
_aالكتاب الأم في تاريخ الأردن _v24 |
|
| 651 | 7 |
_aالأردن _xتاريخ _yقرن 20 _2aucsh |
|
| 942 |
_2ddc _cBOOK _n0 |
||
| 949 |
_aSA-JeALM _d241207 _uosman123 _n1 |
||
| 999 |
_c3184 _d3184 |
||